El Carnaval Dominicano. Antecedentes, tendencias y perspectivas.

Saved in:
Bibliografiske detaljer
Hovedforfatter: Tejeda Ortiz, Dagoberto (autor)
Format: Bog
Udgivet: Santo Domingo, República Dominicana: Instituto Panamericano de Geografía e Historia, Sección Nacional Dominicana, 2021.
Udgivelse:Segunda edición
Fag:
Tags: Tilføj Tag
Ingen Tags, Vær først til at tagge denne postø!

MARC

LEADER 00000nam a22000007a 4500
003 CL-VaPUC
005 20231020085242.0
008 231010t2021 ||||| |||| 00| 0 eng d
999 |c 442012  |d 442010 
020 |a 978-9945-22-121-3 
040 |c Pontificia Universidad Católica de Valparaíso 
082 0 4 |2 22  |a 394.25097293 TEJ 2021 
100 1 |a Tejeda Ortiz, Dagoberto  |e autor  |9 884981 
245 1 3 |a El Carnaval Dominicano.  |b Antecedentes, tendencias y perspectivas. 
250 |a Segunda edición 
260 |a Santo Domingo, República Dominicana:  |b Instituto Panamericano de Geografía e Historia, Sección Nacional Dominicana,  |c 2021. 
300 |a 704 páginas. 
500 |a c.1 Donación Instituto de Geografía. Memo DIRGEO N° 030/2023 
583 |c 20231010  |k Catalogador Asistente 
650 1 |a Carnavales  |z Republica Dominicana  |x Historia  |9 885014 
942 |2 ddc  |c BK 
952 |0 0  |1 0  |2 ddc  |4 0  |6 394_250972930000000_TEJ_2021  |7 0  |8 A  |9 591907  |a BIBING  |b BIBING  |c GEN  |d 2023-10-10  |e Donación  |i 5659015  |o 394.25097293 TEJ 2021  |p 5659015  |r 2025-01-20  |t 1  |w 2023-10-10  |y BK  |k GEO